000 00395nam a2200157Ia 4500
008 230917s9999||||xx |||||||||||||| ||und||
040 _e194133
_aMAIN
041 _aEnglish
082 _a300.72 D281S(2)
100 _aDavid, Matthew
245 0 _aSocial research: An introduction
250 _a2nd ed.
260 _aLondon
_bSage Publications
_c2011
300 _axiii, 665 p.
942 _cBK
999 _c164854
_d164854